Normal view
MARC view
- Ali Shah, Muhammad Soleman
Entry Personal Name
001 - CONTROL NUMBER
- control field: 119924
003 - CONTROL NUMBER IDENTIFIER
- control field: NUST
005 - DATE AND TIME OF LATEST TRANSACTION
- control field: 20240118102428.0
008 - FIXED-LENGTH DATA ELEMENTS
- fixed length control field: 240118|| aca||aabn | a|a d
040 ## - CATALOGING SOURCE
- Original cataloging agency: NUST
- Transcribing agency: NUST
100 ## - HEADING--PERSONAL NAME
- Personal name: Ali Shah, Muhammad Soleman
670 ## - SOURCE DATA FOUND
- Source citation: Work cat.: (NUST): Ali Shah, Muhammad Soleman , Design and Development of an Indigenous Mobile Robot to Navigate in Cluttered Environment /
